000 00406nam a2200169Ia 4500
008 260407s2023 xx 000 0 und d
041 _aeng
082 _a615.1/HAJ
_b11566
100 _aDR.S.B.BHISE
245 _aPHARMACOVIILANCE
250 _a3RD
260 _aPUNE
_bNIRLAI PRAKASHAN
_c2023
300 _a5.22p
650 _aPHARMACEUTICS
650 _aPHARMACOVILANCE
700 _aMRS.M.S.BHISE
999 _c1219058
_d1219058